Antoni Gaudí / (Record no. 18866)

MARC details
000 -LEADER
campo de control de longitud fija 00811nam a2200253 i 4500
001 - NÚMERO DE CONTROL
campo de control 18866
003 - IDENTIFICADOR DE NÚMERO DE CONTROL
campo de control ES-MaACL
005 - FECHA Y HORA DE LA ÚLTIMA TRANSACCIÓN
campo de control 20250323192207.0
007 - CAMPO FIJO DE DESCRIPCIÓN FÍSICA--INFORMACIÓN GENERAL
campo de control de longitud fija t|
008 - DATOS DE LONGITUD FIJA--INFORMACIÓN GENERAL
campo de control de longitud fija 020404s2001 sp ||||1| spa d
020 ## - NÚMERO INTERNACIONAL ESTÁNDAR DEL LIBRO
Número Internacional Estándar del Libro 84-01-30506-3
080 ## - NÚMERO DE LA CLASIFICACIÓN DECIMAL UNIVERSAL
Número de la Clasificación Decimal Universal 72 Gaudí, Antoni
080 ## - NÚMERO DE LA CLASIFICACIÓN DECIMAL UNIVERSAL
Número de la Clasificación Decimal Universal 929 Gaudí, Antoni
100 1# - ENTRADA PRINCIPAL--NOMBRE DE PERSONA
Nombre de persona Van Hensbergen, Gijs.
9 (RLIN) 113036
245 10 - MENCIÓN DEL TÍTULO
Título Antoni Gaudí /
Mención de responsabilidad, etc. Gijs van Hensbergen ; traducción de Patricia Antón.
250 ## - MENCION DE EDICION
Mención de edición 1ª ed.
260 ## - PUBLICACIÓN, DISTRIBUCIÓN, ETC.
Lugar de publicación, distribución, etc. Barcelona :
Nombre del editor, distribuidor, etc. Plaza & Janés,
Fecha de publicación, distribución, etc. 2001.
300 ## - DESCRIPCIÓN FÍSICA
Extensión 347 p., [32] p. de lám. col. :
Otras características físicas il. ;
Dimensiones 24 cm.
500 ## - NOTA GENERAL
Nota general "Publicado con motivo del 150 aniversario de Antoni Gaudí"
600 14 - PUNTO DE ACCESO ADICIONAL DE MATERIA--NOMBRE DE PERSONA
Nombre de persona Gaudí, Antoni,
Fechas asociadas al nombre 1852-1926
9 (RLIN) 55994
700 1# - ENTRADA AGREGADA--NOMBRE PERSONAL
Nombre de persona Antón, Patricia.
9 (RLIN) 21940
852 ## - LOCALIZACIÓN
Ubicación ES-MaACL
Número de control de estantería L-25349
Sublocalización o colección R.130619
Holdings
Estatus retirado Estado de pérdida Estado de daño No para préstamo Biblioteca de origen Biblioteca actual Ubicación en estantería Fecha de adquisición Fuente de adquisición Total de préstamos Signatura topográfica completa Código de barras Visto por última vez Precio de reemplazo Tipo de ítem Koha
        Biblioteca del Ateneo de Madrid Biblioteca del Ateneo de Madrid Depósito 2 17/01/2008     L-25349 1019304 23/02/2023 23/02/2023 Libro impreso